002070000a220007300045001000021000002450037000213000053000587730022001111 aJacobson, Howard10aThe Judge bedan (1 Samuel 12:11) aVol. 42, Num. 1 (Enero, 1992), Páginas 123-1240 tVetus Testamentum